Non ho bisogno piu di niente /

Wedi'i Gadw mewn:
Manylion Llyfryddiaeth
Prif Awdur: Venezian, Ivan (Awdur)
Fformat: Llyfr
Iaith:Eidaleg
Cyhoeddwyd: Roma : Azimut, 2008
Cyfres:Facies ; 17
Tagiau: Ychwanegu Tag
Dim Tagiau, Byddwch y cyntaf i dagio'r cofnod hwn!

MARC

LEADER 00000nam a22000007i 4500
001 IT\ICCU\TO0\1689853
003 ItRI
005 20240326193511.0
008 081210s2008 it |||||| ||||| |||||c
020 |a 9788860030641 
040 |b ita  |c GP 
041 7 |a ita  |2 ISO-639-2 
100 1 |a Venezian, Ivan  |0 IT\ICCU\TO0V\618558  |4 aut 
245 1 0 |a Non ho bisogno piu di niente /  |c Ivan Venezian. 
260 |a Roma :  |b Azimut,  |c 2008 
300 |a 171 p. ;  |c 21 cm. 
830 0 |a Facies ;  |v 17  |0 IT\ICCU\CFI\0647375 
942 |2 ddc  |c BK 
952 |0 0  |1 0  |2 ddc  |4 0  |6 306_766000000000000_VEN  |7 1  |9 1115  |a RM  |b RM  |d 2024-03-26  |l 0  |o 306.766 VEN  |p 639  |r 2024-03-26 19:35:39  |w 2024-03-26  |y BK 
981 1 |6 z01  |a i   |b xxxe  
982 1 |6 z01  |a n 
999 |c 1021  |d 1021